| Tag |
First Indicator |
Second Indicator |
Subfields |
| LEADER |
00000cam a2200000 a 4500 |
| 001 |
in00000008871 |
| 005 |
20151004060009.0 |
| 008 |
850130s1984 dcu 00000 eng d |
| 035 |
|
|
|a (OCoLC)11636742
|
| 035 |
|
|
|9 AAA1283AM
|
| 040 |
|
|
|a MKN
|c MKN
|d m/c
|d TXA
|d UtOrBLW
|
| 049 |
|
|
|a [Curr Col] TXAM
|c [A12582586]
|
| 050 |
|
4 |
|a Q183.3.A1
|b S45 1984
|
| 245 |
0 |
0 |
|a Science/technology/society /
|c edited by John E. Penick and Richard Meinhard-Pellens.
|
| 264 |
|
1 |
|a Washington, D.C. :
|b The Association,
|c [1984]
|
| 264 |
|
4 |
|c ©1984
|
| 300 |
|
|
|a 103 pages ;
|c 28 cm.
|
| 336 |
|
|
|a text
|b txt
|2 rdacontent
|
| 337 |
|
|
|a unmediated
|b n
|2 rdamedia
|
| 338 |
|
|
|a volume
|b nc
|2 rdacarrier
|
| 490 |
1 |
|
|a Focus on excellence ;
|v v. 1, no. 5
|
| 650 |
|
0 |
|a Science
|x Study and teaching (Secondary)
|
| 650 |
|
0 |
|a Science
|x Study and teaching (Elementary)
|
| 700 |
1 |
|
|a Penick, John E.
|
| 700 |
1 |
|
|a Meinhard-Pellens, Richard.
|
| 710 |
2 |
|
|a National Science Teachers Association.
|
| 740 |
0 |
|
|a Science, technology, society.
|
| 830 |
|
0 |
|a Focus on excellence ;
|v v. 1, no. 5.
|
| 999 |
|
|
|a MARS
|
| 999 |
f |
f |
|s c80e0ca4-6a8a-383d-9573-4e9b197414c8
|i 5afe9f37-fb20-3320-b769-8d3d375eb1f6
|t 0
|
| 952 |
f |
f |
|p ric
|a Texas A&M University
|b Rellis Campus
|c Joint Library Facility
|d Remote Storage
|t 0
|e Q183.3.A1 S45 1984
|h Library of Congress classification
|i unmediated -- volume
|m A14812582586
|
| 998 |
f |
f |
|a Q183.3.A1 S45 1984
|t 0
|l Remote Storage
|